Kleinste Hauptstadt - Sudden Death - Statistiken

Allgemein
  • Dieses Quiz wurde 98 mal gespielt
  • Das Durchschnittsergebnis liegt bei 2 aus 10
Answers on the Grid
Answers color-coded by a green-red scale on the quiz's grid according to % correct below.
Ngerulmud
Jakarta
Vatikanstadt
Funafuti
Pjöngjang
Moskau
Zagreb
Maseru
Oslo
Asgabat
Sofia
Kampala
Montevideo
Windhuk
Gitega
Nikosia
Kartum
Bissau
Dschibuti
Islamabad
Brazzaville
Berlin
Bogota
Peking
Jaunde
Vientiane
Dhaka
Kinshasa
Santiago de Chile
Hanoi
Lima
Amman
Moroni
Majuro
Madrid
Niamey
Victoria
St. John's
Bandar Seri Begawan
Bridgetown
 
Antwortstatistiken
Antwort % Korrekt
Ngerulmud
57%
Zagreb
30%
Nikosia
24%
Oslo
24%
Majuro
12%
Amman
10%
Vientiane
10%
Victoria
7%
Brazzaville
4%
Kartum
4%
Keine übereinstimmenden Quizze gefunden
Verteilung der Resultate
Anzahl Personen mit jedem Resultat
Perzentil nach korrekt beantworteten Fragen
Ihre Resultats-Entwicklung
Sie haben dieses Quiz noch nicht gespielt